[Event "2nd Hersonissos Open 2018"]
[Site "Hersonissos"]
[Date "2018.06.17"]
[Round "1"]
[White "Vlatas, Dimitrios"]
[Black "Stefanov, Evtim"]
[Result "0-1"]
[WhiteElo "1146"]
[BlackElo "1959"]
[Annotator "NA"]
[PlyCount "32"]
[EventDate "2018.06.16"]
[EventType "swiss"]
[EventCountry "GRE"]
[SourceTitle "playchess.com"]
[Source "ChessBase"]
[SourceQuality "1"]
[TimeControl "5400+30"]

1. g3 {[%emt 0:00:00]} d5 {[%emt 0:07:26]} 2. Bg2 {[%emt 0:00:00]} e5 {[%emt 0:01:59]} 3. d3 {[%emt 0:00:35]} f5 {[%emt 0:00:38]} 4. Nd2 {[%emt 0:01:04]} Nf6 {[%emt 0:00:31]} 5. e4 {[%emt 0:04:50]} Bc5 {[%emt 0:01:48]} 6. exd5 {[%emt 0:08:36]} Nxd5 {[%emt 0:01:56]} 7. Ngf3 {[%emt 0:00:35]} O-O {[%emt 0:01:24]} 8. O-O {[%emt 0:00:07]} Nc6 {[%emt 0:04:36]} 9. Re1 {[%emt 0:05:14]} Nf6 {[%emt 0:02:53]} 10. b3 {[%emt 0:07:55]} Ng4 {[%emt 0:02:15]} 11. Rf1 {[%emt 0:00:34]} Be6 {[%emt 0:04:20]} 12. h3 {[%emt 0:00:23]} Nf6 {[%emt 0:01:08]} 13. Nxe5 {[%emt 0:06:05]} Nxe5 {[%emt 0:01:18]} 14. Re1 {[%emt 0:02:20]} Bxf2+ {[%emt 0:04:01]} 15. Kxf2 {[%emt 0:00:52]} Qd4+ {[%emt 0:00:08]} 16. Kf1 {[%emt 0:00:09]} Qxa1 {[%emt 0:00:42]} 0-1

[Event "2nd Hersonissos Open 2018"]
[Site "Hersonissos"]
[Date "2018.06.18"]
[Round "2"]
[White "Adair, James R"]
[Black "Bit-Narva, David"]
[Result "1-0"]
[WhiteElo "2485"]
[BlackElo "1926"]
[Annotator "TA"]
[PlyCount "121"]
[EventDate "2018.06.16"]
[EventType "swiss"]
[EventCountry "GRE"]
[SourceTitle "playchess.com"]
[Source "ChessBase"]
[SourceQuality "1"]

{[%evp 24,121,67,44,53,35,58,45,74,61,84,75,58,25,15,0,0,0,0,0,0,0,0,-63,-63,-65,0,0,0,0,0,-3,74,0,125,125,125,118,125,118,125,118,125,118,118,118,208,206,200,183,190,114,275,293,311,303,302,295,292,294,291,264,317,251,245,237,354,206,356,337,495,491,482,468,486,488,474,430,610,611,592,579,616,612,584,563,630,631,643,634,794,792,756,728,786,785,796,795,943,928]} 1. e4 c5 2. Nf3 d6 3. d4 cxd4 4. Nxd4 Nc6 5. c4 g6 6. Nc3 Bg7 7. Be3 Nf6 8. Be2 O-O 9. O-O Nxd4 10. Bxd4 Bd7 11. Qd3 {B38: Sicilian: Maroczy Bind with 5...Bg7 and 7...0-0} Bc6 12. b4 b6 13. f4 {LiveBook: 3 Games. White is slightly better.} e6 $146 ({Predecessor:} 13... Qc7 14. Rac1 Rfc8 15. Be3 Nd7 16. Bg4 h5 17. Nd5 Qd8 18. Bxd7 Bxd7 {½-½ (55) Lenderman,A (2591)-Chiku Ratte,O (2317) Montreal 2017}) 14. Rad1 Qc7 15. Bf2 Rad8 16. Bh4 Rd7 17. Bf3 Rc8 18. Qe3 Bb7 19. Nb5 Qxc4 20. Nxd6 Rxd6 21. Rxd6 {Strongly threatening Rfd1.} Nxe4 22. Rd3 Qxb4 23. Rc1 (23. Rfd1 $11 h5 24. Rd8+ Rxd8 25. Rxd8+ Kh7 26. Rd7) 23... Rxc1+ $15 24. Qxc1 {aiming for Rd8+.} Bd4+ (24... Bd5 $15) 25. Kh1 $11 Nc5 26. Rd1 {And now Bxb7 would win.} Bxf3 27. gxf3 a5 (27... h6 $11) 28. Be1 (28. Qd2 $16 Qxd2 29. Rxd2) 28... Qb2 (28... Qb5 $11 {keeps the balance.} 29. Bh4 e5 30. fxe5 Bxe5) 29. Qxb2 $16 Bxb2 {[%mdl 4096] Endgame KRB-KBN} 30. Rd8+ Kg7 31. Bf2 {[%mdl 1024] White has strong compensation.} Kf6 32. Rb8 Na4 33. Rb7 Bc3 34. Kg2 Nc5 (34... Kg7 $16) 35. Bh4+ $18 ({Weaker is} 35. Rxb6 Nd3 $14) 35... Kg7 36. Rxb6 Nd3 {[#]} 37. Bg3 (37. Rb3 $1 $18 {[%cal Rb3c3]} Nxf4+ 38. Kf1) 37... a4 $2 {[#]} (37... Nb4 $16) 38. Ra6 $1 Nb2 39. Bf2 Kf8 40. Bc5+ Ke8 41. Ba3 Nc4 42. Rxa4 Nb6 43. Ra6 Bd4 44. Kf1 Nd5 (44... Nc8 {is a better defense.} 45. Ra8 Kd7) 45. Ra8+ Kd7 46. Rf8 Be3 (46... f6 {was called for.} 47. Rf7+ Kc6 48. Rxh7 Nxf4) 47. Rxf7+ {White is clearly winning.} Kc6 48. Bb2 Bxf4 49. Rxh7 Kb5 50. Ke2 Bd6 (50... Kc4 $142 51. h3 g5) 51. Kd3 Nb4+ 52. Kc3 Nc6 53. Kb3 Na5+ 54. Kc2 Nc4 55. h3 Ne3+ 56. Kb3 Ng2 57. a4+ Kc6 58. Rh6 Nf4 59. Kc4 Bc7 60. Bc1 Ne2 61. Be3 {Precision: White = 72%, Black = 28%.} 1-0

[Event "2nd Hersonissos Open 2018"]
[Site "Hersonissos"]
[Date "2018.06.18"]
[Round "2"]
[White "Haug, Johannes"]
[Black "Kadianis, Georgios"]
[Result "1-0"]
[WhiteElo "2401"]
[BlackElo "1917"]
[Annotator "TA"]
[PlyCount "127"]
[EventDate "2018.06.16"]
[EventType "swiss"]
[EventCountry "GRE"]
[SourceTitle "playchess.com"]
[Source "ChessBase"]
[SourceQuality "1"]

{[%evp 22,127,1,6,28,26,46,23,34,36,20,28,72,55,70,59,97,86,89,77,139,130,190,153,293,268,436,339,323,187,183,142,141,143,139,22,42,24,25,12,12,14,17,15,21,22,35,7,12,13,15,0,7,0,6,13,15,12,12,9,10,12,133,64,64,48,39,47,109,64,81,81,161,133,148,151,147,139,58,18,287,285,474,489,691,407,593,518,1134,1352,12837,12838,12837,1301,675,983,815,633,816,904,1891,1626,29989,29990,29990,29991,29997,29998]} 1. e4 e5 2. Nf3 Nc6 3. Bb5 a6 4. Ba4 Nf6 5. O-O Be7 6. Re1 b5 7. Bb3 d6 8. a4 Bb7 9. c3 Na5 10. Bc2 c5 11. d3 O-O 12. Nbd2 Nd7 {C88: Closed Ruy Lopez: Anti-Marshall Systems} 13. Nf1 Bf6 14. b4 Nc6 {White has an edge.} 15. Bd2 cxb4 16. cxb4 bxa4 $146 ({Predecessor:} 16... d5 17. Bb3 dxe4 18. dxe4 Nd4 19. a5 Nxb3 20. Qxb3 {½-½ (41) Aveskulov,V (2532)-Olszewski,M (2430) Cappelle-la-Grande 2008}) 17. Bxa4 Nb6 18. Bb3 d5 19. Ne3 {[%cal Rb3d5]} dxe4 20. dxe4 Nd4 (20... Rc8 $142) 21. Nxd4 $16 Qxd4 (21... exd4 $16 22. Nf5 Bc8) 22. Nf5 $18 Qd7 (22... Qd8 $16 {keeps fighting.} 23. f3 Qb8) 23. Be3 $1 {[%cal Re3b6]} Qc6 $2 (23... Qxd1 24. Raxd1 Nc8) 24. Qg4 Bc8 25. Rec1 (25. Qxg7+ $142 Bxg7 26. Ne7+ Kh8 27. Nxc6) 25... Bxf5 26. Rxc6 Bxg4 27. Rxb6 Be2 28. Bc5 (28. Rb7 $16) 28... Rfb8 29. Rc6 {Black must now prevent Rc7.} Rc8 30. Bd5 {aiming for Rd6.} Rxc6 31. Bxc6 Rd8 32. Bb7 Rb8 33. Bd5 ({Reject} 33. Bxa6 Ra8 $15) 33... g6 34. f3 Bb5 35. Kf2 h5 36. Ke1 Kg7 37. Kd2 Rd8 38. Kc3 Rc8 (38... h4 {seems wilder.} 39. Be3 Rc8+ 40. Kb3 Be7 41. Bc5 Bg5) 39. Bc4 Be7 40. Bxb5 axb5 $11 {[%mdl 4096] Endgame KRB-KRB} 41. Kb3 Bg5 ({Of course not} 41... Bxc5 $6 42. Rc1 $16) (41... Rc7 $11 {remains equal.}) 42. Bd6 ({White should play} 42. Ra5 $16) 42... Bf6 $14 43. Ra5 Rd8 $1 {[%cal Rd8d6]} 44. Ra6 Rd7 (44... Re8 $14) 45. g3 Kh7 46. Kc2 Rb7 {[#]} (46... Kg7 $16) 47. f4 $1 $18 exf4 48. gxf4 Bd4 49. Kd3 Bg1 50. h3 h4 $2 {[%mdl 8192] [#]} (50... Rb6 $11 51. Rxb6 Bxb6) 51. e5 $1 Bh2 $2 (51... Rb6 52. Ra8 Rb7) 52. Ke4 Kh6 (52... Rd7 $142 53. Rb6 Kg7 54. Rxb5 Bg3) 53. Ra8 g5 (53... Kg7 $142 54. Bc5 Kh7) 54. fxg5+ Kxg5 (54... Kg6 $142 55. Bc5 Bg3 56. Ra6+ Kh7) 55. Rg8+ Kh5 56. Kf5 {[%cal Rg8h8]} Kh6 57. Bf8+ (57. Kf6 $142 Kh7 58. Rg7+ Kh6 59. Bf8 Bxe5+ 60. Kxe5) 57... Kh7 58. Rg7+ Kh8 59. Rg5 Bg3 60. Kf6 Ra7 61. Be7 Be1 62. Kxf7 {[%cal Rg5h5] White mates.} Rxe7+ 63. Kxe7 Bxb4+ 64. Kf7 {Precision: White = 59%, Black = 26%.} 1-0

[Event "2nd Hersonissos Open 2018"]
[Site "Hersonissos"]
[Date "2018.06.18"]
[Round "2"]
[White "L'ami, Alina"]
[Black "Pliev, Vladimir"]
[Result "1-0"]
[WhiteElo "2307"]
[BlackElo "1909"]
[Annotator "TA"]
[PlyCount "53"]
[EventDate "2018.06.16"]
[EventType "swiss"]
[EventCountry "GRE"]
[SourceTitle "playchess.com"]
[Source "ChessBase"]
[SourceQuality "1"]

{[%evp 27,53,70,77,51,69,70,116,127,122,126,132,124,118,131,115,122,118,105,110,87,147,126,127,136,948,913,29997,29998]} 1. d4 Nf6 2. c4 g6 3. Nc3 d5 4. cxd5 Nxd5 5. e4 Nxc3 6. bxc3 Bg7 7. Bc4 c5 8. Ne2 Nc6 9. Be3 cxd4 10. cxd4 Qa5+ 11. Bd2 Qd8 12. Bc3 O-O 13. Qd2 {D86: Exchange Grünfeld: Classical Line (7 Bc4)} (13. O-O Bd7 14. Rb1 b6 15. Qd2 Rc8 16. Rbc1 e6 17. h3 Rc7 18. Bb3 Bc8 19. d5 exd5 20. Bxg7 Kxg7 21. exd5 {1-0 (29) Le,Q (2712)-Mamedyarov,S (2753) Khanty-Mansiysk 2013}) 13... Bg4 14. f3 Bd7 {LiveBook: 4 Games} 15. h4 {[%cal Bh2h4,Bh4h5,Bh5h6][%mdl 32] White is better.} Rc8 16. h5 Ne5 17. dxe5 Rxc4 18. Rd1 Qc8 $146 ({Predecessor:} 18... Qc7 19. Qxd7 Rxc3 20. Nxc3 Qxc3+ {0-1 (40) Real de Azua,E (2445)-Bacallao Alonso,Y (2438) Santiago de Cuba 2009}) 19. h6 Bh8 20. Qxd7 Rxc3 21. Nxc3 ({Don't play} 21. Qxe7 $6 Rc2 $11) 21... Qxc3+ 22. Qd2 Qxe5 23. O-O $36 {[%mdl 2048] Keeping Black busy.} Qc5+ (23... e6 $142) 24. Qf2 $16 Qh5 25. f4 ({Much less strong is} 25. Qxa7 Be5 $14) 25... e5 $2 {[%mdl 8192]} (25... Qxh6 $16 26. Qxa7 g5 27. Qxb7 gxf4) 26. fxe5 $18 Bxe5 {[#]} 27. Qxf7+ $1 {[%mdl 512] Precision: White = 84%, Black = 25%.} 1-0

[Event "2nd Hersonissos Open 2018"]
[Site "Hersonissos"]
[Date "2018.06.18"]
[Round "2"]
[White "Ranaldi, Lucas"]
[Black "Brokalakis - Gounaris, Christos"]
[Result "1-0"]
[WhiteElo "2283"]
[BlackElo "1851"]
[Annotator "TA"]
[PlyCount "81"]
[EventDate "2018.06.16"]
[EventType "swiss"]
[EventCountry "GRE"]
[SourceTitle "playchess.com"]
[Source "ChessBase"]
[SourceQuality "1"]

{[%evp 14,81,32,27,116,114,125,66,136,121,110,86,70,54,110,100,116,116,131,122,133,135,170,168,144,150,229,161,154,166,199,183,187,185,191,165,162,144,171,118,168,130,172,137,177,171,187,185,214,212,224,221,298,161,161,161,161,153,168,161,167,158,220,192,222,194,297,289,336,319]} 1. c4 e5 2. g3 c6 3. Bg2 d5 4. cxd5 cxd5 5. d4 e4 6. Nc3 {A20: English Opening: 1...e5} (6. Nh3 Bb4+ 7. Bd2 Qe7 8. O-O Nf6 9. Qa4+ Nc6 10. Bxb4 Qxb4 11. Qxb4 Nxb4 12. Nc3 Bf5 13. Rac1 Nc6 {1-0 (73) Lenderman,A (2611)-Krysa,L (2548) chess.com INT 2018}) 6... Nc6 7. Nh3 Nf6 8. Bg5 {LiveBook: 3 Games. White is slightly better.} Bb4 $146 (8... Be7 $11 {keeps the balance.}) ({Predecessor:} 8... Be7 9. Bxf6 Bxf6 10. Nf4 Bxd4 11. Nfxd5 f5 12. Qb3 Bxc3+ 13. Nxc3 Nd4 {1-0 (63) Sergeev,V (2410)-Pribyl,J (2263) Prague 2018}) 9. Nf4 $16 Be6 10. Nh5 (10. O-O $16) 10... Rg8 (10... O-O $14) 11. O-O Be7 12. Bxf6 (12. Nf4 {with more complications.} Qd7 13. e3 O-O-O 14. f3 exf3 15. Bxf3 Kb8 16. Bxf6 Bxf6 17. Bxd5 Bg5 18. Bxe6 fxe6 19. Qh5) 12... Bxf6 13. Nxf6+ gxf6 (13... Qxf6 $14 14. e3 O-O-O) 14. e3 Qd7 15. Rc1 {[%cal Ba1c1,Bc1c3,Bc3c6][%mdl 32]} O-O-O 16. Na4 Kb8 17. Nc5 Qe7 18. Qa4 Rc8 19. Rc3 b6 (19... Ka8 $16 20. Rfc1 Nb8) 20. Nxe4 dxe4 21. Rxc6 Bd5 22. Rcc1 Qe6 23. b3 f5 24. Qa3 Rcd8 25. Rc3 Bb7 26. Qb4 ({White should try} 26. Rfc1 $18) 26... Rd7 27. Rd1 Rgd8 28. Qc4 Qf6 29. Qe2 f4 30. Qg4 ({Don't do} 30. gxf4 $6 Qh4 $14) (30. exf4 $6 Rxd4 31. Rdc1 Rd2 $14) 30... fxg3 31. fxg3 ({Much less strong is} 31. Qxg3+ $6 Ka8 $16) 31... Qg6 32. Bh3 Rd5 33. Rdc1 (33. Qf4+ $142 R5d6 34. Rf1) 33... Qxg4 $18 34. Bxg4 f5 35. Bh3 R8d7 36. Rf1 Rf7 37. Rf4 a5 (37... Bc8 $16 38. Rc2 Rd6) 38. Bg2 {Threatens to win with Bxe4!} Rd6 39. Rc2 Rg6 (39... h5 $142 40. Rcf2 Rc6) 40. Rcf2 Rgf6 41. g4 {Precision: White = 51%, Black = 16%.} 1-0

[Event "2nd Hersonissos Open 2018"]
[Site "Hersonissos"]
[Date "2018.06.18"]
[Round "2"]
[White "Lirindzakis, Timotheos"]
[Black "Iminov, Bachtiar"]
[Result "1-0"]
[WhiteElo "2163"]
[BlackElo "1842"]
[Annotator "TA"]
[PlyCount "61"]
[EventDate "2018.06.16"]
[EventType "swiss"]
[EventCountry "GRE"]
[SourceTitle "playchess.com"]
[Source "ChessBase"]
[SourceQuality "1"]

{[%evp 26,61,81,56,107,16,16,18,4,8,20,7,68,66,81,76,97,79,166,166,258,277,358,280,267,134,374,358,346,185,202,176,204,98,231,258,810,0]} 1. d4 Nf6 2. c4 g6 3. Nc3 Bg7 4. e4 d6 5. Nf3 O-O 6. Be2 Nbd7 7. O-O e5 8. Be3 Re8 9. d5 Nh5 10. g3 {E94: Königsindisch (Klassisches System)} Bf8 11. Ne1 Ng7 12. Nd3 f5 13. f3 a5 14. a3 {[%cal Ba2a3,Ba3b4][%mdl 32] LiveBook: 6 Partien} Nc5 (14... g5 $14) 15. b4 $146 (15. Nxc5 $16 {Droht Sd3 und aus.} dxc5 16. Qd2) ({Vorgänger:} 15. Nxc5 dxc5 16. g4 f4 17. Bf2 h5 {0-1 (40) Savina,A (2392)-Fedorov,A (2616) Izhevsk 2010}) 15... axb4 $11 16. axb4 Rxa1 17. Qxa1 Nxd3 18. Bxd3 Qf6 (18... f4 $11 19. gxf4 Nh5) 19. Nb5 $36 {[%mdl 2048] Weiss drückt.} c6 20. Nc7 {[%cal Bb5c7,Bc7a8,Ba8b6,Bb6c4,Bc4e5][%mdl 32]} Re7 21. Na8 g5 (21... cxd5 $16 22. cxd5 Bd7) 22. Nb6 $18 Bd7 (22... Rc7 {kämpft weiter.} 23. Nxc8 f4) 23. c5 f4 24. cxd6 Rf7 25. Bd2 ({Lieber} 25. Bc5 $18) 25... Qxd6 $2 {[#]} (25... Bh3 $16) 26. Nc4 Qh6 27. g4 ({Schwächer ist} 27. Qxe5 b5 $16) (27. Nxe5 $142 fxg3 28. hxg3) 27... cxd5 28. Nxe5 ({Keinesfalls} 28. exd5 $6 e4 $16) 28... Re7 29. exd5 (29. Nxd7 $18 {und Weiss behält klar die Oberhand.} Rxd7 30. exd5) 29... Qd6 (29... Bb5 $16 {war angesagt.}) 30. Bc3 Qxd5 $2 {[#]} (30... Ne8 31. Rc1 Nc7 32. Nxd7 Rxd7) 31. Kf2 $2 {[%mdl 32768] Precision: Weiß = 33%, Schwarz = 17%. . Sensor Board Error (Ke4/e5)?} (31. Bc4 $18 Rxe5 32. Bxd5+ Rxd5 33. Rd1) 1-0

[Event "2nd Hersonissos Open 2018"]
[Site "Hersonissos"]
[Date "2018.06.18"]
[Round "2"]
[White "Lobersli, Henrik Oie"]
[Black "Fragiadakis, Emanouel"]
[Result "1-0"]
[WhiteElo "2134"]
[BlackElo "1813"]
[Annotator "TA"]
[PlyCount "55"]
[EventDate "2018.06.16"]
[EventType "swiss"]
[EventCountry "GRE"]
[SourceTitle "playchess.com"]
[Source "ChessBase"]
[SourceQuality "1"]

{[%evp 11,55,20,37,28,21,22,42,37,35,30,52,19,19,10,40,34,55,40,41,43,44,41,46,33,48,47,47,47,44,40,41,44,67,48,166,148,264,264,331,318,324,323,368,352,352,246]} 1. e4 e5 2. Nf3 Nc6 3. Bb5 Nf6 4. d3 Bc5 5. Bxc6 dxc6 6. Nbd2 {C65: Ruy Lopez: Berlin Defence (3...Nf6), unusual lines and 4 0-0 Bc5} (6. Qe2 Qe7 7. Nbd2 Bg4 8. h3 Bh5 9. a3 Nd7 10. b4 Bb6 11. Nc4 a5 12. Rb1 axb4 13. axb4 Ra2 {0-1 (52) Carlsen,M (2843)-Aronian,L (2764) Stavanger 2018}) 6... Bg4 {LiveBook: 35 Games} 7. Nc4 (7. h3 {with more complications.} Bh5 8. Nc4 Nd7 9. O-O f6 10. c3) 7... Nd7 8. h3 {The position is equal.} (8. Bd2 {feels hotter.} f6 9. a4 Qe7 10. h3 Be6 11. b3) 8... Bxf3 9. Qxf3 Qe7 10. Bd2 f6 $146 ({Predecessor:} 10... Nb6 11. Ne3 Bxe3 12. Qxe3 c5 13. O-O Nd7 {1-0 (42) Zvjaginsev,V (2666)-Stojanovic,D (2466) Rogaska Slatina 2011}) 11. O-O-O O-O-O 12. Qg3 g5 13. h4 {[%cal Rh4g5]} h6 14. Rdf1 Qe6 15. Kb1 Rdg8 16. h5 Rd8 17. Be3 Bd6 18. f3 {[%cal Bf2f3,Bf3f4][%mdl 32]} ({Weaker is} 18. Bxa7 b6 $17) 18... Bc5 19. Qf2 Bxe3 20. Nxe3 b6 21. g3 Nc5 22. f4 Qd6 (22... exf4 $1 $14 23. gxf4 Kb7) 23. Nc4 Qd4 (23... Qe6 $16 {was necessary.}) 24. fxe5 $18 Qxf2 25. Rxf2 fxe5 26. Nxe5 Rhf8 27. Nf7 Rde8 28. Rhf1 {Precision: White = 69%, Black = 44%.} 1-0

[Event "2nd Hersonissos Open 2018"]
[Site "Hersonissos"]
[Date "2018.06.18"]
[Round "2"]
[White "Loshkarev, Dmitri"]
[Black "Aggeletos, Marios"]
[Result "1-0"]
[WhiteElo "2089"]
[BlackElo "1769"]
[Annotator "NA RC"]
[PlyCount "55"]
[EventDate "2018.06.16"]
[EventType "swiss"]
[EventCountry "GRE"]
[SourceTitle "playchess.com"]
[Source "ChessBase"]
[SourceQuality "1"]
[TimeControl "5400+30"]

{[%evp 8,29,16,-8,32767,-6,13,-11,16,26,195,191,205,198,197,27,45,25,59,0,358,204,337,135]} 1. e4 {[%emt 0:00:18]} c5 {[%emt 0:00:10]} 2. Nc3 {[%emt 0:00:19]} d6 {[%emt 0:00:47]} 3. f4 {[%emt 0:00:59]} Nc6 {[%emt 0:01:29]} 4. Nf3 {[%emt 0:00:41]} g6 {[%emt 0:01:10]} 5. Bc4 {[%emt 0:02:17] LiveBook: 336 Games} e6 {[%emt 0:00:23]} 6. O-O {[%emt 0:02:42]} Nge7 {[%emt 0:00:32]} 7. f5 {[%emt 0:08:02]} gxf5 {[%emt 0:08:51]} (7... exf5 $15 8. exf5 Bxf5) 8. Ng5 {[%emt 0:05:40]} Ne5 $2 {[%emt 0:16:20]} (8... Ng6 $1 $11 {and Black has nothing to worry.} 9. Nxf7 Kxf7) 9. Qh5 $1 {[%emt 0:04:48]} N7g6 {[%emt 0:08:37]} 10. exf5 {[%emt 0:14:05]} exf5 {[%emt 0:15:22] [#]} 11. d3 $2 {[%emt 0:18:27]} (11. Re1 $1 $18 Bg7 12. d4 cxd4 13. Nxf7) 11... Nxc4 {[%emt 0:11:45]} 12. dxc4 {[%emt 0:00:38]} Be6 {[%emt 0:00:06]} 13. Re1 {[%emt 0:04:33]} ({White should try} 13. Nd5 $16 Bxd5 14. cxd5) 13... Kd7 $2 {[%emt 0:07:54] [#]} ({Better is} 13... Qd7 $1 $14) 14. Qf3 {[%emt 0:12:16]} (14. Nxf7 $142 $1 {[%mdl 512]} Qf6 (14... Bxf7 15. Qxf5+) 15. Nxh8 Qxh8 16. Bd2) 14... Bg7 $2 {[%emt 0:17:32]} (14... Be7 $16 {was necessary.}) 15. Nxf7 $16 {[%emt 0:03:40]} ({Less strong is} 15. Qxb7+ Qc7 $16) (15. Rxe6 $18 {and the rest is easy.} fxe6 16. Qxb7+ Qc7 17. Qxc7+ Kxc7 18. Nxe6+ Kc6 19. Nxg7) 15... Bd4+ {[%emt 0:03:36]} 16. Kh1 {[%emt 0:02:12]} Nh4 {[%emt 0:02:37]} 17. Qxb7+ {[%emt 0:01:56]} Qc7 {[%emt 0:00:31]} 18. Qxc7+ {[%emt 0:01:26]} Kxc7 {[%emt 0:00:06]} 19. Nxh8 {[%emt 0:01:39]} Bxc4 {[%emt 0:01:15]} 20. Re7+ Kc6 {[%emt 0:00:55]} 21. Bg5 {[%emt 0:05:08]} Nxg2 {[%emt 0:00:29]} 22. Kxg2 {[%emt 0:00:41]} Rxh8 {[%emt 0:00:03]} 23. Bf4 {[%emt 0:01:48]} Rg8+ {[%emt 0:00:56]} 24. Kf3 {[%emt 0:00:34]} h5 {[%emt 0:00:31]} 25. Rae1 {[%emt 0:00:26]} h4 {[%emt 0:00:07]} 26. Rh7 {[%emt 0:02:00]} Rb8 {[%emt 0:00:54]} 27. Ree7 {[%emt 0:00:53]} Bxc3 {[%emt 0:00:31]} 28. bxc3 {[%emt 0:00:57]} 1-0

[Event "2nd Hersonissos Open 2018"]
[Site "Hersonissos"]
[Date "2018.06.18"]
[Round "2"]
[White "Angermuende, Dirk"]
[Black "Spirou, Gerasimos"]
[Result "1-0"]
[WhiteElo "1966"]
[BlackElo "1716"]
[Annotator "NA RC"]
[PlyCount "69"]
[EventDate "2018.06.16"]
[EventType "swiss"]
[EventCountry "GRE"]
[SourceTitle "playchess.com"]
[Source "ChessBase"]
[SourceQuality "1"]
[TimeControl "5400+30"]

{[%evp 8,56,48,60,87,-12,-3,-35,-49,-101,-91,-112,-47,-35,-34,-44,-54,-77,-41,-229,-91,-211,-95,-114,20,7,226,234,243,255,250,250,258,250,246,251,250,279,247,271,283,286,286,241,225,210,364,335,272,303,417]} 1. e4 {[%emt 0:00:00]} e5 {[%emt 0:10:49]} 2. Nf3 {[%emt 0:00:00]} Nc6 {[%emt 0:00:12]} 3. c3 {[%emt 0:00:00]} d5 {[%emt 0:03:41]} 4. Qa4 {[%emt 0:00:00]} dxe4 {[%emt 0:01:02]} (4... f6 $11) 5. Nxe5 $1 {[%emt 0:00:06]} Qd5 {[%emt 0:07:02]} 6. Bb5 {[%emt 0:05:34]} (6. Nxc6 $16 bxc6 7. Bc4) 6... Nge7 {[%emt 0:00:11] LiveBook: 19 Games} ({Of course not} 6... Qxe5 $6 7. Bxc6+ Kd8 8. Qxe4 $16) 7. Nxc6 {[%emt 0:14:21] C44: Ponziani Opening and Scotch Gambit} (7. f4 exf3 8. Nxf3 a6 9. Be2 Bf5 10. O-O O-O-O 11. d4 Qd7 12. b4 f6 13. Na3 Nd5 14. Bd2 Re8 15. Rfe1 Nb6 16. Qb3 Be6 {½-½ (31) Lu,S (2599)-Topalov,V (2813) Baku 2015}) 7... Nxc6 {[%emt 0:05:48]} 8. Qc4 $146 {[%emt 0:03:28]} ({Predecessor:} 8. O-O Bd7 9. Re1 O-O-O 10. Na3 Bd6 11. Nc4 Rhe8 12. Nxd6+ Qxd6 13. d4 exd3 14. Bf4 Qg6 {0-1 (65) Rubil,M (2298)-Sadilek,M (2194) Vienna 2017}) 8... Qxc4 {[%emt 0:04:40]} 9. Bxc4 {[%emt 0:00:06]} Bd7 {[%emt 0:00:10]} (9... Ne5 $17 10. Be2 Be6) 10. O-O {[%emt 0:00:42]} O-O-O {[%emt 0:00:07]} 11. Bxf7 {[%emt 0:00:42]} Ne5 {[%emt 0:00:24]} 12. Bb3 {[%emt 0:00:43]} Bb5 {[%emt 0:00:48]} 13. Rd1 $2 {[%emt 0:05:02] [#]} (13. d4 $11 {and White stays safe.} exd3 14. Bf4) 13... Bc5 {[%emt 0:00:53]} (13... Bd3 $1 $19 {and Black stays clearly on top.} 14. Na3 Bc5) 14. Be6+ {[%emt 0:01:49] [#]} (14. d4 $17 exd3 15. a4) 14... Kb8 {[%emt 0:00:13]} (14... Bd7 $1 $19 {[%cal Rd7e6]} 15. Bxd7+ Rxd7) 15. b4 {[%emt 0:01:08]} Be2 {[%emt 0:10:42]} (15... Bb6 $17 16. d4 exd3) 16. Re1 {[%emt 0:02:31]} Nd3 $2 {[%emt 0:00:47]} (16... Bxf2+ $1 $14 17. Kxf2 Bh5) 17. Rxe2 {[%emt 0:00:11]} Nxc1 {[%emt 0:00:21]} 18. Rxe4 {[%emt 0:00:37]} Bb6 {[%emt 0:00:46]} 19. d4 {[%emt 0:01:15]} Rhe8 {[%emt 0:02:03]} 20. Na3 {[%emt 0:00:33]} Rd6 {[%emt 0:04:25]} 21. Rxc1 {[%emt 0:00:41]} Rdxe6 {[%emt 0:00:17]} 22. Rxe6 {[%emt 0:00:09]} Rxe6 {[%emt 0:00:09]} 23. Kf1 {[%emt 0:00:10]} a5 {[%emt 0:00:14]} 24. b5 {[%emt 0:00:37]} c5 {[%emt 0:03:35]} 25. d5 {[%emt 0:01:09]} Re4 {[%emt 0:00:56]} 26. c4 {[%emt 0:00:59]} Bc7 {[%emt 0:02:51]} (26... a4 $142 27. Re1 Rd4) 27. g3 {[%emt 0:00:14]} Rd4 {[%emt 0:10:04]} 28. Ke2 {[%emt 0:01:16]} Be5 $18 {[%emt 0:06:20]} 29. f3 {[%emt 0:00:48]} g5 {[%emt 0:03:36]} 30. Rd1 {[%emt 0:00:43]} g4 {[%emt 0:00:16]} 31. Rxd4 {[%emt 0:00:28]} gxf3+ {[%emt 0:00:17]} 32. Kxf3 {[%emt 0:00:06]} Bxd4 {[%emt 0:03:03]} 33. Nc2 {[%emt 0:00:14]} Bg7 {[%emt 0:01:34]} 34. Ke4 {[%emt 0:00:34]} Kc7 {[%emt 0:00:13]} 35. Ne3 {[%emt 0:00:37]} 1-0